Most Populous U.S. States - Sudden Death - Statistics

General Stats
  • This quiz has been taken 1,000 times
  • The average score is 12 of 25
Answers on the Grid
Answers color-coded by a green-red scale on the quiz's grid according to % correct below.
Alabama
Alaska
Arizona
Arkansas
California
Colorado
Connecticut
Delaware
Florida
Georgia
Hawaii
Idaho
Illinois
Indiana
Iowa
Kansas
Kentucky
Louisiana
Maine
Maryland
Massachusetts
Michigan
Minnesota
Mississippi
Missouri
Montana
Nebraska
Nevada
New Hampshire
New Jersey
New Mexico
New York
North Carolina
North Dakota
Ohio
Oklahoma
Oregon
Pennsylvania
Rhode Island
South Carolina
South Dakota
Tennessee
Texas
Utah
Vermont
Virginia
Washington
West Virginia
Wisconsin
Wyoming
 
Answer Stats
Answer % Correct
California
92%
Florida
84%
New York
78%
Texas
73%
Illinois
70%
Pennsylvania
61%
Georgia
60%
Michigan
59%
Massachusetts
51%
Arizona
50%
North Carolina
50%
Ohio
50%
New Jersey
49%
Colorado
43%
Virginia
43%
Washington
42%
Tennessee
37%
Minnesota
33%
Indiana
31%
Maryland
29%
Wisconsin
27%
Louisiana
22%
Missouri
22%
South Carolina
18%
Alabama
17%
No matching quizzes found
Score Distribution
Percent of People with Each Score
Percentile by Number Answered
Your Score History
You have not taken this quiz